Comentr̀ios ̉legislaȯ̂ sindical Da CLT ̉reforma trabalhista Lei N. 13.467 /

Detalles Bibliográficos
Autor principal: Arouca, Jos ̌Carlos
Formato: eBook
Lenguaje:portugués
Publicado: San Pablo: LTR, 2018
Materias:
Acceso en línea:Acceso restringido

MARC

LEADER 00000nam a22000007a 4500
005 20190725134118.0
007 cr|||| ||||
008 190725s2018 br |||||s|||| 00||0 por d
020 |a 978-85-361-9892-7 
035 |a 23880 
040 |a vLex 
090 |c 9067  |d 9067 
100 1 |a Arouca, Jos ̌Carlos 
245 1 0 |a Comentr̀ios ̉legislaȯ̂ sindical  |h [Recurso electrn̤ico] :  |b Da CLT ̉reforma trabalhista Lei N. 13.467 /  |c Jos ̌Carlos Arouca 
256 |a Servicio en ln̕ea 
260 |a San Pablo:  |b LTR,  |c 2018 
300 |a 1 recurso electrn̤ico 
506 1 |a Disponible solo en los productos indicados  |d vLex Global  |d vLex Global (Academic Edition, excluding Law Schools)  |d vLex Global (U.S. Academic Edition, Law Schools)  |d vLex Global (U.S. Academic Edition, excluding Law Schools)  |d vLex Global (Academic Edition, Law Schools) 
650 0 4 |a Derecho Laboral y Seguridad Social  |z Brasil 
740 0 |a vLex Libros (Servicio en ln̕ea) 
856 4 0 |u http://vlex.com/source/comentarios-legisla-o-sindical-clt-reforma-trabalhista-lei-n-13467-23880  |z Acceso restringido 
942 |c BOOK 
999 0 |a Labor law and social security